Riadenie vzťahov so zákazníkmi v novej ekonomike
Na minha lista:
| Autor principal: | |
|---|---|
| Outros Autores: | , |
| Formato: | Capítulo de Livro |
| Idioma: | eslovaco |
| Tags: |
Sem tags, seja o primeiro a adicionar uma tag!
|
MARC
| LEADER | 00000naa$a2200000$$$4500 | ||
|---|---|---|---|
| 001 | 0114455 | ||
| 005 | 20240502072257.4 | ||
| 041 | 0 | |a slo | |
| 044 | |a SK | ||
| 245 | 1 | 0 | |a Riadenie vzťahov so zákazníkmi v novej ekonomike |c Rastislav Ručinský, Alexandra Chapčáková, Martin Beca |
| 100 | 1 | |a Ručinský, Rastislav | |
| 700 | 1 | |a Chapčáková, Alexandra | |
| 700 | 1 | |a Beca, Martin | |